00595 2200217 4500001002100000008004100021035002000062245006400082100001700146260004300163300001200206020001800218084001400236082000800250650001600258990001900274990002100293990002100314990002100335990002100356INLIS000000000001065 ind  a0010-0724001065 aSAINS Ensiklopedia Pertama Terhubung InternetcRachel Firth aRachel Firth aJakarta :bPT Gading Inti Prima,c2009 a64 hlm. a979-3846-32-1 a503 RAC e a503 aEnsiklopedi aP29/CP/24/1065 aP29/CP/24/1065.1 aP29/CP/24/1065.2 aP29/CP/24/1065.3 aP29/CP/24/1065.4